Comercio callejero en la delegación Coyoacán y microterritorios : enfoques para el desarrollo de políticas públicas /

Obra en que se sistematiza información sobre la relación entre la localización, tipo de mercancía y horarios del comercio callejero en la delegación Coyoacán, con el territorio donde éste opera. El objetivo fue realizar un mapeo que ofreciera una explicación desde el punto de vista económico del uso...

Ausführliche Beschreibung

Gespeichert in:
Bibliographische Detailangaben
1. Verfasser: Williams, Mary (autor)
Weitere Verfasser: Zárate Rivera, Francisco Javier (colaboración) (colaboración)
Format: Buch
Sprache:Spanisch
Veröffentlicht: México : Centro de Vivienda y Estudios Urbanos : Gobierno del Distrito Federal, Delegación Coyoacán : Plaza y Valdés, 2006, c2006
Schlagworte:
Tags: Tag hinzufügen
Keine Tags, Fügen Sie das erste Tag hinzu!

MARC

LEADER 00000nam^a2200000^a^4500
001 000262371
005 20250521000000.0
009 20260526133704.258
020 |a 970-722-558-0 
037 |a Acervo ITESO - Biblioteca 
041 |a ESP 
082 |a 330. 1270972534  |b WIL 
100 |a Williams, Mary  |e (autor) 
245 1 0 |a Comercio callejero en la delegación Coyoacán y microterritorios :  |b enfoques para el desarrollo de políticas públicas /  |c M. Williams ; colaboración de Francisco Javier Zárate Rivera. 
264 4 |a México :  |b Centro de Vivienda y Estudios Urbanos :  |b Gobierno del Distrito Federal, Delegación Coyoacán :  |b Plaza y Valdés,  |c 2006, c2006 
300 |a 207 p. 
336 |a texto  |b txt  |2 rdacontenido 
337 |a sin mediación  |b n  |2 rdamedio 
338 |a volumen  |b nc  |2 rdasoporte 
520 |a Obra en que se sistematiza información sobre la relación entre la localización, tipo de mercancía y horarios del comercio callejero en la delegación Coyoacán, con el territorio donde éste opera. El objetivo fue realizar un mapeo que ofreciera una explicación desde el punto de vista económico del uso del espacio en el comercio informal en la Ciudad de México. 
649 |a XX 
650 |a Espacio Social -  |z Coyoacán, México (D.F.) (Delegación) -  |x Aspectos Económicos -  |x Tema Principal 
650 |a Venta Ambulante -  |z Coyoacán, México (D.F.) (Delegación) -  |x Tema Principal 
650 |a Comercio Detallista -  |z Coyoacán, México (D.F.) (Delegación) 
650 |a Economía Subterránea -  |z Coyoacán, México (D.F.) (Delegación) -  |x Tema Principal 
650 |a Sectores Económicos -  |z Coyoacán, México (D.F.) (Delegación) 
650 |a Zonas Urbanas -  |z México (D.F.) -  |x Condiciones Económicas 
650 |a Economía -  |z Coyoacán, México (D.F.) -  |x Historia -  |y 2000-2006 
650 |a Economía -  |z México (D.F.) -  |x Historia -  |y 2000-2006 
650 |a Economía -  |z México -  |x Historia -  |y 2000-2006 
650 |a Coyoacán, México (D.F.) (Delegación) -  |x Condiciones Económicas 
650 |a México (D.F.) -  |x Condiciones Económicas 
700 |a Zárate Rivera, Francisco Javier  |e (colaboración) 
910 |a Fondo General 
920 |a Impresos - Libros 
930 |a Colección General 
905 |a 101 
901 |a 0500143533  |b IT1  |c ACC  |u 20250521 
902 |a https://opac.biblio.iteso.mx/vufind/Record/000262371